000 00696nam a2200253Ia 4500
003 OSt
005 20220918181126.0
006 a|||||r|||| 00| 0
007 ta
008 220917b |||||||| |||| 00| 0 eng d
024 _a25,568
037 _cTextual
040 _aARTS
_cARTS
_beng
041 _2eng
_aeng
082 _aO111,1xL92:g, M4 (EO)
100 _aKing-Hele Desmond
_953273
245 0 _aShelley
_b his thought and work
250 _a3rd
260 _aLondon
_bMacmillan Press UK
_c1984
300 _aviii,406p.
_ccm.
650 _aENGLISH LITERATURE
942 _hO111,1xL92:g, M4 (EO)
_cTEXL
_2CC
999 _c164450
_d164450